[Event "UKR-ch 83rd"]
[Site "Lvov"]
[Date "2014.11.14"]
[Round "4"]
[White "Eljanov, Pavel"]
[Black "Ponomariov, Ruslan"]
[Result "1/2-1/2"]
[WhiteElo "2719"]
[BlackElo "2711"]
[PlyCount "63"]
[EventDate "2014.11.11"]
[EventType "tourn"]
[EventRounds "11"]
[EventCountry "UKR"]
[EventCategory "17"]
[SourceTitle "CBM 164"]
[Source "ChessBase"]
[SourceDate "2015.01.15"]
[SourceVersion "1"]
[SourceVersionDate "2015.01.15"]
[SourceQuality "1"]

1. d4 {Krasenkow,M} Nf6 2. c4 e6 3. Nf3 d5 4. Nc3 c6 5. e3 Nbd7 6. Bd3 dxc4 7.
Bxc4 b5 8. Bd3 b4 9. Ne4 Nxe4 10. Bxe4 Bb7 11. Nd2 ({RR} 11. O-O) ({RR} 11. Qa4
Qc7 12. Bd2 c5 13. Bxb7 Qxb7 14. O-O Bd6 15. dxc5 Bxc5 16. Ne5 Qd5 17. Nxd7
Qxd7 18. Qa5 O-O 19. Bxb4 Bxb4 20. Qxb4 Rab8 21. Qa3 Rfd8 22. b3 e5 23. h3 h6
24. Rac1 Rb5 25. Rc5 Qe7 {Buker,M (2097)-Ozer,O (1802) Antalya 2013 1-0 (59)})
11... Qc7 ({RR} 11... Rc8 12. a3 ({RR} 12. O-O Qc7 13. Nc4 Be7 14. a3 bxa3 15.
b3 Nf6 16. Bf3 O-O 17. Bxa3 c5 18. dxc5 Bxc5) 12... bxa3 13. O-O ({RR} 13. b3
Qa5 14. O-O) 13... Ba6 14. Re1 Bd6 ({RR} 14... Bb4 15. bxa3 Ba5) 15. b3 Qe7 16.
Nc4 Bxc4 17. bxc4 O-O ({RR} 17... Bxh2+ 18. Kxh2 Qh4+ 19. Kg1 Qxe4 20. f3 Qg6
21. Bxa3) 18. Qd3 f5 19. Bf3 e5 ({RR} 19... c5 20. Bxa3) 20. c5 Bb8 21. Bxa3 ({
RR} 21. Qd1 e4 22. Be2 Nf6 23. Rxa3) 21... e4 22. Qb3+ Kh8 23. Be2 Nf6 ({RR} 
23... f4) 24. Rab1 ({RR} 24. Bc1 h5) 24... h5 ({RR} 24... f4) 25. Qb7 ({RR} 25.
g3 h4 26. Rb2 Ng4 27. Reb1) 25... Qe8 26. Rb3 {Kasimdzhanov,R (2684)
-Mamedyarov,S (2729) London 2012 CBM 151 [Krasenkow,M] 0-1 (45)} ({RR} 26. g3
h4)) ({RR} 11... Be7 12. O-O O-O ({RR} 12... Qc7 13. b3 O-O 14. Bb2 f5 15. Bf3
e5 16. Nc4 e4 17. Be2 c5 18. Rc1 ({RR} 18. d5 Bd6) 18... Rad8 19. Qc2) 13. b3 (
{RR} 13. Nc4 Qc7 14. b3 c5) ({RR} 13. Nb3 Qb6 14. Qc2 g6 15. a3 bxa3 16. bxa3
c5 17. Bxb7 Qxb7 18. Rb1 Qc8 19. dxc5) 13... Nf6 14. Bf3 Nd5 15. Bb2 ({RR} 15.
Ne4 f5 16. Nc5 Bxc5 17. dxc5 Nc3) 15... c5 16. dxc5 ({RR} 16. Ne4 Ba6 17. Be2
Bxe2 18. Qxe2 cxd4 19. Bxd4 f5 20. Nc5 Qd6 21. Rac1 e5 22. Bb2 Rac8) 16... Bxc5
17. Nc4 Qe7 18. Rc1 Rac8 19. Rc2 Rfd8) 12. b3 $146 ({RR} 12. O-O Bd6 13. a3 Ba6
14. Re1 Bxh2+ 15. Kh1 Bd6 16. axb4 Bb5 17. Nb3 f5 18. Bf3 Qd8 19. g3 Bxb4 20.
Bd2 Bxd2 21. Qxd2 O-O 22. Rec1 e5 23. Bxc6 Bxc6+ 24. Rxc6 Qe8 25. dxe5 Nxe5 26.
Qd5+ Kh8 {Savina,A (2407)-Girya,O (2365) Dagomys 2010 1/2-1/2 (35)}) ({RR} 12.
a3 c5 13. Qf3 Rb8) ({RR} 12. O-O Bd6 13. a3 Ba6 14. Re1 Bxh2+ 15. Kh1 Bd6 16.
axb4 Bb5) ({RR} 12. O-O c5 13. Qf3 Rb8 14. b3 cxd4 15. exd4 Nf6 16. Bxb7 Qxb7
17. Qg3 g6 18. Nc4 Rd8 19. Bg5 Qe7 20. Na5 Rd6 21. Rac1 Bg7 22. Nb7 Qxb7 23.
Qxd6 Qd7 24. Qb8+ Ke7 25. Qxb4+ Kd8 26. Qa5+ Ke8 {Wilde,M-Rahner,F Baden 1992
1-0}) ({RR} 12. a3 c5 13. Qf3 Bxe4 14. Nxe4 Rc8 15. O-O Be7 16. dxc5 Nxc5 17.
Nxc5 Qxc5 18. axb4 Qb6 19. b5 O-O 20. Ra6 Qxb5 21. Rxa7 Qc5 22. Rd7 Bf6 23. e4
Qb5 24. Rd3 Bxb2 25. Rb3 Qxf1+ 26. Kxf1 Rxc1+ {Gutov,A (2412)-Gordievsky,D 
(2397) Sochi 2012 1/2-1/2 (44)}) 12... c5 13. Qf3 Bxe4 14. Nxe4 Rd8 15. O-O c4
16. bxc4 Qxc4 17. a3 a5 18. axb4 axb4 19. Qg3 Qd5 20. f3 f5 21. Ng5 Be7 22. Ra6
f4 23. exf4 Qxd4+ 24. Qf2 Qxf2+ 25. Kxf2 Nc5 26. Rb6 O-O 27. Nxe6 Rf6 28. f5
Nxe6 29. Rxe6 Bc5+ 30. Ke2 Rxf5 31. Be3 Bxe3 32. Kxe3 1/2-1/2

[Event "UKR-ch 83rd"]
[Site "Lvov"]
[Date "2014.11.15"]
[Round "5"]
[White "Ponomariov, Ruslan"]
[Black "Zubov, Alexander"]
[Result "1/2-1/2"]
[WhiteElo "2711"]
[BlackElo "2588"]
[PlyCount "93"]
[EventDate "2014.11.11"]
[EventType "tourn"]
[EventRounds "11"]
[EventCountry "UKR"]
[EventCategory "17"]
[SourceTitle "CBM 164"]
[Source "ChessBase"]
[SourceDate "2015.01.15"]
[SourceVersion "1"]
[SourceVersionDate "2015.01.15"]
[SourceQuality "1"]

1. c4 {Baburin} e6 2. Nc3 d5 3. d4 Nf6 4. cxd5 exd5 5. Bg5 c6 6. Qc2 Be7 7. e3
Nbd7 8. Bd3 Nh5 9. Bxe7 Qxe7 10. Nge2 Nb6 11. O-O-O ({RR} 11. Rb1 g6 12. b4 a6
13. a4 O-O 14. a5 Nd7 15. Na4 f5 16. O-O Ndf6 17. Qc1 Be6 18. Bc2 Ne4 19. Rb3
g5 20. f3 Nd6 21. Nc5 Rae8 22. Re1 Bc8 23. Ng3 Nxg3 24. hxg3 f4 25. g4 ({RR} 
25. gxf4 gxf4 26. e4) 25... Qg7 {Bareev,E (2709)-Boensch,U (2547) Germany 2000
CBM 076 [Baburin] 0-1 (39)}) ({RR} 11. h3 g6 12. g4 Ng7 13. O-O-O Bd7 14. Kb1
O-O-O 15. Ng3 Kb8 16. Rhe1 Be6 17. f4 Qh4 18. Qf2 f5 19. Rh1 Qe7 20. g5 Ne8 21.
Nf1 Nd6 22. Nh2 Ne4 23. Qc2 Nxc3+ 24. Qxc3 Nc4 25. Rde1 Nd6 {Thuesen,M (2235)
-Sorensen,P (2021) Ballerup 2014 1/2-1/2 (48)}) 11... Bd7 12. Kb1 O-O-O 13. Nc1
Kb8 $146 ({RR} 13... g6 14. Nb3 Ng7 15. Nc5 Bf5 16. N3a4 Kb8 17. Ka1 Rhe8 18.
Bxf5 Nxf5 19. Nd3 Nc4 {1/2-1/2 (19) Komljenovic,D (2495)-Hoffman,A (2445)
Valencia 1992}) 14. Nb3 Nf6 15. Rhe1 Rhe8 16. f3 Be6 17. Nc5 Qc7 18. h3 Nbd7
19. Nxe6 Rxe6 20. e4 dxe4 21. fxe4 Nb6 22. Qf2 Re7 23. Bc2 h6 24. a3 Ka8 25.
Bb3 Ne8 26. Rc1 Qd7 27. e5 Nc7 28. Ne4 Nbd5 29. Nd6 f6 30. Ka1 fxe5 31. dxe5
Re6 32. Bc2 g6 33. Qg3 Qe7 34. Bxg6 Qg7 35. Qb3 Rb8 36. Bf5 Rxe5 37. g4 Qe7 38.
Rxe5 Qxe5 39. Ne4 Ne6 40. Qg3 Qxg3 41. Nxg3 Nef4 42. h4 Rg8 43. Rf1 Kb8 44. Ne4
Kc7 45. g5 hxg5 46. hxg5 Rg7 47. Ka2 1/2-1/2

[Event "UKR-ch 83rd"]
[Site "Lvov"]
[Date "2014.11.16"]
[Round "6"]
[White "Kovchan, Alexander"]
[Black "Ponomariov, Ruslan"]
[Result "1/2-1/2"]
[WhiteElo "2585"]
[BlackElo "2711"]
[PlyCount "34"]
[EventDate "2014.11.11"]
[EventType "tourn"]
[EventRounds "11"]
[EventCountry "UKR"]
[EventCategory "17"]
[SourceTitle "CBM 164"]
[Source "ChessBase"]
[SourceDate "2015.01.15"]
[SourceVersion "1"]
[SourceVersionDate "2015.01.15"]
[SourceQuality "1"]

1. e4 d6 2. d4 Nf6 3. Nc3 g6 4. Nf3 Bg7 5. Be2 O-O 6. O-O e6 7. h3 ({RR} 7. Re1
Nc6 8. h3 a6 9. Be3 b5 10. e5 dxe5 11. Nxe5 Ne7 12. Bg5 h6 13. Bf3 Rb8 14. Bxf6
Bxf6 15. Ne4 Bg7 16. Nc5 Rb6 17. c3 Nd5 18. a4 b4 19. a5 Rd6 20. Qb3 bxc3 21.
bxc3 Qe8 {Potkin,V (2613)-Ehlvest,J (2595) Moscow 2009 1-0 (38)}) ({RR} 7. Re1
Nc6 8. Be3 h6 9. h3 b6 10. Qd2 Kh7 11. Rad1 Ne7 12. Bf4 Bb7 13. Bd3 a6 14. Qe2
b5 15. Nb1 Nd7 16. Nbd2 e5 17. dxe5 dxe5 18. Bg3 c6 19. c3 Qc7 20. Bc2 Nc5 21.
Nb3 Na4 {Klundt,K (2407)-Ponomariov,R (2616) Bad Wiessee 1999 0-1 (49)}) 7...
Nc6 8. Be3 a6 9. a4 ({RR} 9. Qc1 b5 10. a3 Bb7 11. Bg5 Ne7 12. Qf4 Nh5 13. Qh4
f6 14. Be3 Bh8 15. g4 Ng7 16. Rad1 Ne8 17. Nd2 Qd7 18. Nb3 f5 19. f3 Nf6 20.
Na5 Bc8 21. Bh6 Bg7 22. Bxg7 Kxg7 23. g5 Nh5 {Jahncke,G (2241)-Emami,M (2003)
Hamburg 2014 1-0 (37)}) 9... b6 $146 ({RR} 9... h6 10. Qd2 Kh7 11. Rad1 Ne7 12.
Bd3 Nd7 13. Rfe1 b6 14. h4 Bb7 15. h5 gxh5 16. e5+ Ng6 17. Ne4 Qe7 18. exd6
cxd6 19. Bf4 e5 20. dxe5 dxe5 21. Ng3 Bxf3 22. Nf5 Qf6 23. Bxh6 Bxh6 24. Qxh6+
{Rozentalis,E (2616)-Henrichs,T (2476) Reykjavik 2013 1-0 (40)}) 10. Qd2 Bb7
11. Rad1 Re8 12. Bg5 Qc8 13. Rfe1 e5 14. d5 Nd4 15. Be3 Nxe2+ 16. Qxe2 Nh5 17.
g4 Nf4 1/2-1/2

[Event "UKR-ch 83rd"]
[Site "Lvov"]
[Date "2014.11.18"]
[Round "7"]
[White "Ponomariov, Ruslan"]
[Black "Ivanchuk, Vassily"]
[Result "1/2-1/2"]
[WhiteElo "2711"]
[BlackElo "2726"]
[PlyCount "64"]
[EventDate "2014.11.11"]
[EventType "tourn"]
[EventRounds "11"]
[EventCountry "UKR"]
[EventCategory "17"]
[SourceTitle "CBM 164"]
[Source "ChessBase"]
[SourceDate "2015.01.15"]
[SourceVersion "1"]
[SourceVersionDate "2015.01.15"]
[SourceQuality "1"]

1. e4 {Ftacnik,L} c5 2. Nf3 d6 3. d4 cxd4 4. Nxd4 Nf6 5. Nc3 a6 6. Be3 e6 7.
Be2 Be7 8. Qd2 O-O 9. O-O-O Nc6 10. f4 Qc7 11. Bf3 ({RR} 11. Kb1 Bd7 ({RR} 
11... Nxd4 12. Bxd4 e5 13. Be3 b5 14. Bf3 ({RR} 14. Rhf1 Bb7 15. Nd5 Bxd5 16.
exd5 Nd7 17. fxe5 Nxe5 18. Bd4 Qd7 19. Qf4 Ng6 20. Qf3 Rae8 21. Bd3) 14... Bb7
15. g4 b4 16. Nd5 Bxd5 17. exd5 exf4 18. Bxf4 Nd7 19. g5 f6 20. h4 ({RR} 20. g6
hxg6 21. Rdg1 g5 22. Qg2) 20... fxg5 21. hxg5 Bxg5 22. Qh2) 12. g4 Nxd4 13.
Qxd4 Bc6 ({RR} 13... e5 14. Qd3 Bxg4 15. Bxg4 Nxg4 ({RR} 15... exf4 16. Bxf4
Nxg4 17. Nd5) 16. Nd5 Qd8 17. Bb6 Qd7 18. h3 Nf6 19. fxe5 Nxd5 20. Qxd5) 14. g5
Nd7 ({RR} 14... Ne8 15. h4) 15. h4 Nc5 16. Bf3 Rad8 ({RR} 16... f5 17. gxf6
Bxf6 18. Qxd6 Qxd6 19. Rxd6 Bxc3 20. Bxc5 ({RR} 20. bxc3 Bxe4) 20... Rxf4 21.
bxc3 Rxf3 22. Rxe6 Rxc3) 17. h5 f6 ({RR} 17... f5 18. h6) 18. g6 f5 ({RR} 18...
h6 19. f5 exf5 20. Nd5) 19. h6 Bf6 ({RR} 19... gxh6 20. gxh7+ Kxh7 21. Rxh6+ {
RR} Kxh6 22. Rh1+ Kg6 23. Bh5+ Kh7 24. Bf7+ Bh4 25. Rxh4#) 20. hxg7 Bxg7 ({RR} 
20... Bxd4 21. Bxd4 hxg6 ({RR} 21... h6 22. gxf8=Q+ Rxf8 23. Rxh6 e5 24. Rh7) (
{RR} 21... e5 22. gxf8=Q+ Rxf8 23. gxh7+ Kh8 24. fxe5 dxe5 25. Bxc5) 22. Rh8+
Kf7 23. gxf8=Q+ Rxf8 24. Rh7+) ({RR} 20... Qxg7 21. gxh7+ Kh8 {RR} 22. Qd2) 21.
Rxh7 ({RR} 21. gxh7+ Kh8 22. Qd2 Nxe4 ({RR} 22... fxe4 23. Bg4 Bf6 24. Rdg1)
23. Bxe4 ({RR} 23. Nxe4 fxe4 24. Bg4 Bd5 25. Rdg1 Qc4 26. b3 Qc3 27. Qxc3 Bxc3)
23... fxe4 24. Rdg1) 21... fxe4 ({RR} 21... Bxd4 22. Bxd4 ({RR} 22. Rxc7 Bxe3)
22... Qxh7 23. gxh7+ Kf7 ({RR} 23... Kxh7 24. Rh1+ Kg8 ({RR} 24... Kg6 25. Bh5+
Kh7 26. Bf7#) 25. Rh8+ Kf7 26. Bh5+ Ke7 27. Rh7+) 24. Bh5+ Ke7 25. e5 Ne4 26.
Nxe4 fxe4 27. exd6+ Kd7 28. Bg6) 22. Nxe4 ({RR} 22. Rdh1 e5 ({RR} 22... Bxd4
23. Bxd4 e5 24. fxe5 ({RR} 24. Rxc7 exd4 25. Rhh7 Ne6) 24... dxe5 25. Bxc5 Qc8
26. Rh8+ Kg7 27. R1h7+ Kxg6 28. Bh5+ Kg5 29. Rg7+ Kf6 30. Rg6+ Kf5 31. Rhh6 Rd4
32. Bg4+ Kf4 33. Ne2+ Ke3 34. Rh3+ Kd2 35. Rh2) 23. fxe5 exf3 24. exd6 Bxd4 25.
Bxd4) 22... Bxd4 23. Bxd4 ({RR} 23. Rxc7 Bxe3 24. Nxc5 dxc5) 23... Qxh7 ({RR} 
23... e5 24. Rxc7 exd4 ({RR} 24... Bxe4 25. Bxe4 Nxe4 26. Be3) 25. Ng5 Bxf3 26.
Nxf3 Rxf4 27. Nxd4) 24. gxh7+ Kxh7 ({RR} 24... Kf7 25. Nxd6+ Rxd6 26. Bh5+ Ke7
27. Bxc5) 25. Rh1+ Kg6 {Bologan,V (2620)-Lesiege,A (2553) Koszalin 1999 CBM
073 [Ftacnik,L] 1/2-1/2 (38)} ({RR} 25... Kg8 26. Rh8+ Kf7 27. Bh5+ Ke7 28.
Rh7+)) ({RR} 11. Kb1 Rd8 12. Nb3 b5 13. Bf3 Rb8 14. g4 b4 15. Na4 d5 16. e5 Nd7
17. Qf2 a5 18. Be2 f6 19. exf6 Nxf6 20. Bb6 Ne4 21. Bxc7 Nxf2 22. Bxb8 Nxb8 23.
Nxa5 Rf8 24. Nb6 Bd8 25. Nxc8 Bxa5 {Elistratov,S (2211)-Timofeev,A (2610)
Togliatti 2014 1/2-1/2 (70)}) 11... Na5 12. Qd3 Rb8 $146 ({RR} 12... Nd7 13.
Nb3 Nc4 14. Bf2 b5 15. Rhe1 Bb7 16. Qe2 Rac8 17. Qd3 b4 18. Nb1 a5 19. N1d2 Ba6
20. Nxc4 Bxc4 21. Qd2 a4 22. Nd4 b3 23. axb3 axb3 24. c3 Qa5 {0-1 (24) Le Bris,
Y (1914)-Kambrath,Y (2292) Saint Paul Trois Chateaux 2013}) 13. Kb1 b5 14. Bc1
Nc4 15. b3 Re8 16. Rhe1 Nd7 17. Bh5 Bf6 18. Qf3 Bb7 19. f5 exf5 20. Nxf5 Qa5
21. Nd4 g6 22. Rf1 gxh5 23. Qxh5 Qxc3 24. Rxf6 Bxe4 25. Qg4+ Bg6 26. Rf3 Ne3
27. Rxe3 Rxe3 28. Bxe3 Rc8 29. Rd3 Qc7 30. Qg5 f6 31. Qg3 Kf7 32. Bh6 Ne5
1/2-1/2

[Event "UKR-ch 83rd"]
[Site "Lvov"]
[Date "2014.11.19"]
[Round "8"]
[White "Zubarev, Alexander2"]
[Black "Ponomariov, Ruslan"]
[Result "0-1"]
[WhiteElo "2588"]
[BlackElo "2711"]
[PlyCount "134"]
[EventDate "2014.11.11"]
[EventType "tourn"]
[EventRounds "11"]
[EventCountry "UKR"]
[EventCategory "17"]
[SourceTitle "CBM 164"]
[Source "ChessBase"]
[SourceDate "2015.01.15"]
[SourceVersion "1"]
[SourceVersionDate "2015.01.15"]
[SourceQuality "1"]

1. e4 c5 2. Nf3 e6 3. c4 Nc6 4. Nc3 Nge7 5. d4 Nxd4 6. Nxd4 cxd4 7. Qxd4 Nc6 8.
Qd1 Bc5 9. Be2 O-O 10. O-O d6 11. b3 e5 12. Qd2 Be6 13. Bb2 a6 14. Bd3 $146 ({
RR} 14. Rac1 Rc8 15. Nd5 Qh4 16. Bf3 Nd4 17. Bxd4 Bxd4 18. g3 Qd8 19. Bg2 Qd7
20. a4 Bxd5 21. cxd5 b5 22. a5 Rc5 23. Rxc5 dxc5 24. Rc1 Rc8 25. Bf1 Rd8 26. h4
h6 27. Kh2 Qg4 28. Bg2 Qg6 {Malakhov,V (2395)-Landa,K (2510) Groningen 1994
1-0 (51)}) 14... h6 15. Kh1 Qg5 16. Qe1 Nb4 17. Rd1 b5 18. cxb5 Nxd3 19. Rxd3
axb5 20. Rg3 Qh5 21. Qd2 Kh7 22. f4 f5 23. exf5 Qxf5 24. Nxb5 Rxa2 25. Rgf3 Qg6
26. b4 Rb8 27. Rg3 Qf5 28. Nxd6 Rxb2 29. Rxg7+ Kh8 30. Qxb2 Bxd6 31. Rg3 Rxb4
32. Qa1 Rxf4 33. Rxf4 Qxf4 34. Rg6 Qf7 35. Rxh6+ Kg7 36. Rh4 Qf2 37. Ra4 Kf6
38. Qd1 Bd5 39. Qg1 Qe2 40. Ra1 Ke6 41. Qf1 Qxf1+ 42. Rxf1 e4 43. Rc1 Bb4 44.
Kg1 Bd2 45. Rc2 e3 46. Kf1 Bb3 47. Rc8 Kd7 48. Rc5 Kd6 49. Rc8 Ba4 50. Rb8 Kc7
51. Rb1 Bc2 52. Ra1 Bd3+ 53. Kg1 Kd6 54. g3 Ke5 55. h3 Bc4 56. Kg2 Bd5+ 57. Kf1
Bf3 58. Kg1 Ke4 59. Ra7 Kd3 60. Re7 Bb4 61. Re8 Be1 62. Kf1 Bxg3 63. Rd8+ Ke4
64. Re8+ Be5 65. h4 Bh5 66. Re7 Kf5 67. Kg2 e2 0-1

[Event "UKR-ch 83rd"]
[Site "Lvov"]
[Date "2014.11.20"]
[Round "9"]
[White "Ponomariov, Ruslan"]
[Black "Moiseenko, Alexander"]
[Result "1/2-1/2"]
[WhiteElo "2711"]
[BlackElo "2701"]
[PlyCount "68"]
[EventDate "2014.11.11"]
[EventType "tourn"]
[EventRounds "11"]
[EventCountry "UKR"]
[EventCategory "17"]
[SourceTitle "CBM 164"]
[Source "ChessBase"]
[SourceDate "2015.01.15"]
[SourceVersion "1"]
[SourceVersionDate "2015.01.15"]
[SourceQuality "1"]

1. d4 Nf6 2. c4 e6 3. Nc3 Bb4 4. Qc2 d5 5. a3 Bxc3+ 6. Qxc3 Ne4 7. Qc2 c5 8.
dxc5 Nc6 9. Nf3 Qa5+ 10. Bd2 Nxd2 11. Nxd2 Qxc5 12. e3 d4 13. b4 Qe7 14. Be2
dxe3 15. fxe3 O-O 16. O-O b6 $146 ({RR} 16... Qg5 17. Rf3 f5 18. c5 Ne5 19. Rg3
Qf6 20. Rf1 Ng6 21. Ne4 Qe5 22. Nd6 a5 23. Bc4 axb4 24. axb4 Ra1 25. Qd2 Rxf1+
26. Bxf1 f4 27. exf4 Nxf4 28. Rf3 Bd7 29. Qe3 Qxe3+ 30. Rxe3 Bc6 31. b5 {
Golod,V (2582)-Kosteniuk,A (2531) playchess.com INT 2006 1-0 (47)}) 17. c5 bxc5
18. Ne4 Bb7 19. Qxc5 Rad8 20. Rfd1 Ba8 21. Rac1 Qb7 22. Bf3 Rxd1+ 23. Rxd1 Qb8
24. Ng5 Rc8 25. Qc2 g6 26. Qf2 Ne5 27. Bxa8 Qxa8 28. Qf4 Qb8 29. Ne4 Nc4 30.
Qh4 Qe5 31. Nf6+ Kg7 32. Ng4 Qc3 33. Qh6+ Kh8 34. h3 Ne5 1/2-1/2

[Event "UKR-ch 83rd"]
[Site "Lvov"]
[Date "2014.11.21"]
[Round "10"]
[White "Ponomariov, Ruslan"]
[Black "Bogdanovich, Stanislav"]
[Result "1-0"]
[WhiteElo "2711"]
[BlackElo "2590"]
[PlyCount "33"]
[EventDate "2014.11.11"]
[EventType "tourn"]
[EventRounds "11"]
[EventCountry "UKR"]
[EventCategory "17"]
[SourceTitle "CBM 164"]
[Source "ChessBase"]
[SourceDate "2015.01.15"]
[SourceVersion "1"]
[SourceVersionDate "2015.01.15"]
[SourceQuality "1"]

1. d4 d5 2. c4 e6 3. Nc3 Nf6 4. cxd5 exd5 5. Bg5 c6 6. Qc2 Be7 7. e3 Nbd7 8.
Bd3 h6 9. Bf4 Nh5 10. Nf3 Nxf4 11. exf4 Nf6 $146 ({RR} 11... O-O 12. O-O-O Bb4
13. g4 Nf6 14. h3 Bxc3 15. bxc3 Ne4 16. f5 c5 17. Bxe4 dxe4 18. dxc5 Qa5 19.
Nd2 Bd7 20. Nb3 Qc7 21. Qd2 Rad8 22. Qe3 Ba4 23. Rxd8 Rxd8 24. Rd1 Rxd1+ 25.
Kxd1 Qh2 26. Kc1 {Mamedyarov,S (2743)-Grachev,B (2672) Kocaeli 2014 1/2-1/2 
(38)}) ({RR} 11... O-O 12. O-O Nf6 13. Rfe1 b6 14. Ne5 Bb7 15. Qe2 Bd6 16. Bc2
c5 17. Rad1 Rc8 18. Qd3 cxd4 19. Qxd4 Bc5 20. Qd3 Ne4 21. Nxe4 dxe4 22. Qe2 Qh4
23. g3 Qh3 24. Rd7 e3 25. f3 Bb4 26. Red1 {Gonzalez Velez,F (2420)-Medina
Garcia,A (2400) Spain 1998 0-1 (48)}) ({RR} 11... Bd6 12. Ne5 Nxe5 13. fxe5 Bb4
14. O-O Bxc3 15. Qxc3 O-O 16. f4 f5 17. b4 Be6 18. a4 Rc8 19. Qd2 Rf7 20. Kh1
h5 21. Rfc1 g6 22. Rc5 a6 23. Rac1 Ra8 24. Be2 Rd7 25. R1c3 Rg7 26. Rg3 {
Sarwinski,M (2395)-Jankovec,I (2325) Rzeszow 1986 1-0 (39)}) 12. h3 Qd6 13. Ne5
Qb4 14. O-O-O Qxd4 15. Ng6 Rg8 16. Rhe1 Be6 17. Bf5 1-0

[Event "Beijing Sportaccord rap"]
[Site "Beijing"]
[Date "2014.12.11"]
[Round "1"]
[White "Ponomariov, Ruslan"]
[Black "Aronian, Levon"]
[Result "1-0"]
[WhiteElo "2714"]
[BlackElo "2797"]
[PlyCount "111"]
[EventDate "2014.12.11"]
[EventType "swiss (rapid)"]
[EventRounds "7"]
[EventCountry "CHN"]
[SourceTitle "CBM 164"]
[Source "ChessBase"]
[SourceDate "2015.01.15"]
[SourceVersion "1"]
[SourceVersionDate "2015.01.15"]
[SourceQuality "1"]

1. d4 Nf6 2. c4 g6 3. f3 d5 4. cxd5 Nxd5 5. e4 Nb6 6. Nc3 Bg7 7. Be3 O-O 8. Qd2
Be6 9. O-O-O Bc4 10. Bh6 Bxf1 11. Bxg7 Kxg7 12. Rxf1 c5 13. d5 e6 14. h4 exd5
15. exd5 N8d7 16. Nh3 Nc4 17. Qf4 Nde5 18. Nf2 Qb6 19. b3 Qa5 20. Nb1 Qxa2 21.
bxc4 Nxc4 22. Nd1 Na5 23. Ndc3 Nb3+ 24. Kd1 Qb2 25. Re1 Nd4 26. Qd2 Qb3+ 27.
Kc1 Rfe8 28. h5 Qc4 29. Qa2 Qd3 30. Ne4 f5 31. Ng5 Ne2+ 32. Kb2 Qd4+ 33. Kc2
Rad8 34. Rd1 Qf2 35. Rd2 Nd4+ 36. Kd1 Qg3 37. Rxd4 Qxg5 38. Rd2 Qf6 39. hxg6
hxg6 40. Qxa7 Rd7 41. Qxc5 Ra8 42. Ke2 Ra4 43. Kf2 Rh4 44. Re1 Kh7 45. d6 Kh6
46. Qe5 Qd8 47. Nc3 Kh7 48. Nd5 Rf7 49. Rdd1 Qa8 50. Rh1 Qa2+ 51. Kg3 g5 52.
Rxh4+ gxh4+ 53. Kh2 Qf2 54. d7 h3 55. Kxh3 Kg6 56. Qe6+ 1-0

[Event "Beijing Sportaccord rap"]
[Site "Beijing"]
[Date "2014.12.11"]
[Round "2"]
[White "Wang, Hao"]
[Black "Ponomariov, Ruslan"]
[Result "1-0"]
[WhiteElo "2710"]
[BlackElo "2714"]
[PlyCount "85"]
[EventDate "2014.12.11"]
[EventType "swiss (rapid)"]
[EventRounds "7"]
[EventCountry "CHN"]
[SourceTitle "CBM 164"]
[Source "ChessBase"]
[SourceDate "2015.01.15"]
[SourceVersion "1"]
[SourceVersionDate "2015.01.15"]
[SourceQuality "1"]

1. d4 d5 2. Nf3 e6 3. c4 dxc4 4. e3 a6 5. Bxc4 c5 6. O-O Nf6 7. Bb3 cxd4 8.
exd4 Nc6 9. Nc3 Be7 10. Bg5 O-O 11. Qd2 b5 12. d5 exd5 13. Nxd5 Nxd5 14. Bxd5
Bb7 15. Rad1 Qc7 16. Bxe7 Nxe7 17. Bxb7 Qxb7 18. Rfe1 Ng6 19. h4 Qc7 20. h5
Rad8 21. Qe3 Rxd1 22. Rxd1 Ne7 23. Qa3 Nf5 24. Qxa6 Qc2 25. Rd2 Qc1+ 26. Kh2
Nh4 27. Qd6 Nxf3+ 28. gxf3 h6 29. Re2 Qc4 30. Re5 Qxa2 31. Rxb5 Qa8 32. Kg2 Rd8
33. Qc7 Rc8 34. Qf4 Qa7 35. b4 Rd8 36. Rc5 Qe7 37. Rc7 Qg5+ 38. Qxg5 hxg5 39.
b5 Rd4 40. b6 Rb4 41. b7 Kh7 42. Rxf7 Kh6 43. Rf8 1-0

[Event "Beijing Sportaccord rap"]
[Site "Beijing"]
[Date "2014.12.11"]
[Round "3"]
[White "Ponomariov, Ruslan"]
[Black "Harikrishna, Pentala"]
[Result "1/2-1/2"]
[WhiteElo "2714"]
[BlackElo "2727"]
[PlyCount "50"]
[EventDate "2014.12.11"]
[EventType "swiss (rapid)"]
[EventRounds "7"]
[EventCountry "CHN"]
[SourceTitle "CBM 164"]
[Source "ChessBase"]
[SourceDate "2015.01.15"]
[SourceVersion "1"]
[SourceVersionDate "2015.01.15"]
[SourceQuality "1"]

1. d4 Nf6 2. c4 e6 3. Nc3 Bb4 4. Qc2 O-O 5. a3 Bxc3+ 6. Qxc3 d6 7. Nf3 b6 8. g3
Bb7 9. Bg2 Nbd7 10. O-O c5 11. b4 Qe7 12. Bb2 cxd4 13. Qxd4 Rac8 14. Rfd1 Ne5
15. Nxe5 dxe5 16. Qxe5 Bxg2 17. Kxg2 Rxc4 18. Rac1 Rcc8 19. f3 h6 20. Kf2 Rfd8
21. Qf4 Nd5 22. Qd4 Nf6 23. Qf4 Nd5 24. Qd4 Nf6 25. Qf4 Nd5 1/2-1/2

[Event "Beijing Sportaccord rap"]
[Site "Beijing"]
[Date "2014.12.11"]
[Round "4"]
[White "Dominguez Perez, Leinier"]
[Black "Ponomariov, Ruslan"]
[Result "1/2-1/2"]
[WhiteElo "2726"]
[BlackElo "2714"]
[PlyCount "104"]
[EventDate "2014.12.11"]
[EventType "swiss (rapid)"]
[EventRounds "7"]
[EventCountry "CHN"]
[SourceTitle "CBM 164"]
[Source "ChessBase"]
[SourceDate "2015.01.15"]
[SourceVersion "1"]
[SourceVersionDate "2015.01.15"]
[SourceQuality "1"]

1. e4 e5 2. Nf3 Nc6 3. Bb5 Nf6 4. d3 Bc5 5. c3 O-O 6. O-O d6 7. Bg5 h6 8. Bh4
g5 9. Bg3 Bb6 10. Nbd2 Nh5 11. Nc4 f5 12. exf5 Bxf5 13. d4 Nxg3 14. hxg3 exd4
15. Nxb6 axb6 16. Nxd4 Nxd4 17. Qxd4 c6 18. Bd3 Bxd3 19. Qxd3 Qf6 20. a4 Rae8
21. Qc2 d5 22. Qb3 Qd8 23. Rfe1 Kg7 24. Qb4 c5 25. Qb5 Rxe1+ 26. Rxe1 Qd6 27.
a5 bxa5 28. Qxb7+ Rf7 29. Qb5 d4 30. Rd1 Qf6 31. Qxc5 Qxf2+ 32. Kh2 dxc3 33.
Qxc3+ Qf6 34. Rd4 Kh7 35. Qd2 Qf2 36. Qd3+ Qf5 37. Qc4 Qg6 38. Rd8 Qh5+ 39. Kg1
Qg6 40. Qd4 Qf6 41. Qe4+ Kg7 42. Qe8 Rf8 43. Rd7+ Rf7 44. Rd8 Rf8 45. Rd7+ Rf7
46. Rxf7+ Qxf7 47. Qe5+ Qf6 48. Qxa5 Qxb2 49. Qc7+ Kg6 50. Qc6+ Kg7 51. Qc7+
Kg6 52. Qc6+ Kg7 1/2-1/2

[Event "Beijing Sportaccord rap"]
[Site "Beijing"]
[Date "2014.12.12"]
[Round "5"]
[White "Ponomariov, Ruslan"]
[Black "Nepomniachtchi, Ian"]
[Result "0-1"]
[WhiteElo "2714"]
[BlackElo "2714"]
[PlyCount "82"]
[EventDate "2014.12.11"]
[EventType "swiss (rapid)"]
[EventRounds "7"]
[EventCountry "CHN"]
[SourceTitle "CBM 164"]
[Source "ChessBase"]
[SourceDate "2015.01.15"]
[SourceVersion "1"]
[SourceVersionDate "2015.01.15"]
[SourceQuality "1"]

1. e4 e6 2. d4 d5 3. Nd2 c5 4. Ngf3 cxd4 5. Nxd4 Nf6 6. exd5 Qxd5 7. Nb5 Na6 8.
Nc3 Qd8 9. a3 Be7 10. Qf3 Nc5 11. b4 Ncd7 12. Nc4 Nb6 13. Nxb6 Qxb6 14. Be3 Qc7
15. Bf4 e5 16. Nb5 Qb8 17. Bg3 a6 18. Nd4 Bg4 19. Qb3 Bd6 20. Nf3 O-O 21. Be2
e4 22. Nd4 Bxe2 23. Nxe2 Bxg3 24. Nxg3 h5 25. O-O h4 26. Nf5 Qe5 27. Qh3 g6 28.
Ne3 Qg5 29. c4 Rad8 30. Rad1 Rfe8 31. c5 Rd3 32. Rxd3 exd3 33. Rd1 Nd5 34. Qf3
Nxe3 35. fxe3 Rxe3 36. Qxb7 d2 37. Rf1 Re7 38. Qf3 h3 39. c6 Qb5 40. Qd1 hxg2
41. Kxg2 Qxc6+ 0-1